Statistics for Countries Closest to Poland

Click here to take the quiz!

General Stats

  • This quiz has been taken 7,346 times
  • The average score is 18 of 20

Answer Stats

kmcountrymiles% Correct
0Germany0
99%
0Russia0
98%
0Czechia0
96%
0Lithuania0
96%
0Slovakia0
96%
0Ukraine0
96%
0Belarus0
95%
143Austria89
94%
190Latvia118
94%
76Hungary47
93%
396Estonia246
92%
94Denmark59
90%
154Sweden96
90%
101Romania63
88%
345Slovenia214
88%
370Croatia230
84%
334Serbia208
83%
287Moldova178
78%
454Italy282
75%
464Netherlands288
67%

Score Distribution

Percentile by Number Answered

Percent of People with Each Score

Your Score History

You have not taken this quiz